| 000 | 00412nam a2200157Ia 4500 | ||
|---|---|---|---|
| 008 | 231217s9999 xx 000 0 und d | ||
| 041 | _aEnglish | ||
| 082 | _a001.51 AND;1 R | ||
| 100 | _aAndal, N. Rangarajan, C. | ||
| 245 | 0 | _aCommunication theories and models | |
| 250 | _a1st ed. | ||
| 260 |
_c1998 _bHimalaya _aMumbai |
||
| 300 | _axviii+232 | ||
| 650 | _aCommunication,theories,models | ||
| 942 | _cAA | ||
| 999 |
_c171937 _d171937 |
||